01731nam a2200349Ia 4500001001200000003000800012006001900020007001500039008004100054020001500095020001800110040002100128035002100149050002500170245027500195260005800470300002300528500018300551504005200734533015200786650003800938650003300976650003501009655002901044700002001073700002001093710006601113710004001179710001701219856012601236999001901362ebr10370368CaPaEBRm u cr cn|||||||||100301s2010 dcua sb 100 0 eng d z0309145759 z9780309145756 aCaPaEBRcCaPaEBR a(OCoLC)60942402014aRC270.8b.P64 2010eb00aPolicy issues in the development of personalized medicine in oncologyh[electronic resource] :bworkshop summary /cMargie Patlak and Laura Levit, rapporteurs ; National Cancer Policy Forum, Board on Health Care Services, Institute of Medicine of the National Academies. aWashington, D.C. :bNational Academies Press,cc2010. axii, 82 p. :bill. a" ... the National Cancer Policy Forum held a workshop, "Policy Issues in the Development of Personalized Medicine in Oncology," in Washington, DC, on June 8 and 9, 2009."--P. 1. aIncludes bibliographical references (p. 65-70). aElectronic reproduction.bPalo Alto, Calif. :cebrary,d2010.nAvailable via World Wide Web.nAccess may be limited to ebrary affiliated libraries. 0aCancerxTreatmentzUnited States. 0aMedical carezUnited States. 0aMedical policyzUnited States. 7aElectronic books.2local1 aLevit, Laura A.1 aPatlak, Margie.2 aInstitute of Medicine (U.S.).bBoard on Health Care Services.2 aNational Cancer Policy Forum (U.S.)2 aebrary, Inc.40uhttp://site.ebrary.com/lib/rucke/Doc?id=10370368zAn electronic book accessible through the World Wide Web; click to view c109669d109669